• 首页
  • 本馆介绍
  • 公告通知
  • 最新文献
  • 馆藏检索
  • 电子资源
  • 读者导购
  • 参考咨询
  • 我的图书馆
  • 登录
  • 详细信息显示
  • 放入我的书架
  • 预约/预借图书
  • 作者相关作品
  • 分类相关作品
  • 丛书相关作品
  • 出版社相关作品

书目信息

  • 表格格式
  • 工作单格式
  • 卡片格式
题名:
人还可以这样活着 上
    
 
作者: 储常胜 编译
分册:  
出版信息: 长春   时代文艺出版社  2009.08
页数: 409页
开本: 20cm
丛书名:
单 册:
中图分类: I712.45 , K837.125.6=535
科图分类:
主题词: CT--S098162--传记小说 , 传记小说--美国--现代
电子资源:
ISBN: 978-7-5387-1666-5
000 01275nam0 2200313 45
001 012002051718
005 20020701154713.5
010    @a978-7-5387-1666-5@dCNY31.50
100    @a20090626d2009 em y0chiy0110 ea
101 1  @achi@ceng
102    @aCN@b220000
105    @ay z 000ad
106    @ar
200 1  @a人还可以这样活着 上@Aren hai ke yi zhe yang huo zhe shang@e亨利·米勒文学传记@f储常胜编译
210    @a长春@c时代文艺出版社@d2009.08
215    @a409页@d20cm
330    @a亨利·米勒是一位有争议的作家,由于他的作品中存在着露骨的性描写,长期以来英语国家拒绝发表他的作品,他被六十年代反正统文化运动的参加者们奉为自由与性解放的预言家。通过本书读者可以进一步了解西方社会,了解亨利·米勒对西方文化的批判,同时领略亨利·米勒的生活轨迹和创作个性。
510 1  @aPeople Can Live in This Way@zeng
517 1  @a亨利·米勒文学传记@Aheng li · mi le wen xue zhuan ji
600  1 @2CT@3S909097@a米勒@c(Miller, Henry@f1891~1980)
600  1 @a米勒@c(Miller, Henry@f1891~1980)@x生平事迹
606 0  @2CT@3S098162@a传记小说
606 0  @a传记小说@y美国@z现代
690    @aI712.45@v4
690    @aK837.125.6=535@v4
701  0 @a储常胜@Achu chang sheng@4编译
801  0 @aCN@bJiuFeng@c20020701
905   @aBZT@dI712.45@e264-1@f10
906    @dCNY31.50@n0@r1
    
    人还可以这样活着 上:亨利·米勒文学传记/储常胜编译.-长春:时代文艺出版社,2009.08
    409页;20cm
    
    
    ISBN 978-7-5387-1666-5:CNY31.50
    亨利·米勒是一位有争议的作家,由于他的作品中存在着露骨的性描写,长期以来英语国家拒绝发表他的作品,他被六十年代反正统文化运动的参加者们奉为自由与性解放的预言家。通过本书读者可以进一步了解西方社会,了解亨利·米勒对西方文化的批判,同时领略亨利·米勒的生活轨迹和创作个性。
●
相关链接 在五车中查询图书 在当当中查询图书 在豆瓣中查询图书


正题名:人还可以这样活着 上     索取号:I712.45/264-1         预约/预借

序号 登录号 条形码 馆藏地/架位号 状态 备注
1 735400   2000735400   中心书库中库/打包BH0238/ [索取号:I712.45/264-1] 在馆    
2 735401   2000735401   中心书库中库/打包BH1521/ [索取号:I712.45/264-1] 在馆    
3 735402   2000735402   中心书库中库/打包BH0238/ [索取号:I712.45/264-1] 在馆    
4 735403   2000735403   中心书库中库/打包BH1521/ [索取号:I712.45/264-1] 在馆    
5 735404   2000735404   中心书库中库/打包BH0238/ [索取号:I712.45/264-1] 在馆    
6 735405   2000735405   中心书库中库/打包BH1521/ [索取号:I712.45/264-1] 在馆    
7 735406   2000735406   中心书库中库/打包BH0238/ [索取号:I712.45/264-1] 在馆    
8 735407   2000735407   中心书库中库/打包BH1521/ [索取号:I712.45/264-1] 在馆    
9 735408   2000735408   中心书库中库/打包BH0238/ [索取号:I712.45/264-1] 在馆    
10 735409   2000735409   中心书库中库/打包BH0238/ [索取号:I712.45/264-1] 在馆    
山东省滨州职业学院图书馆 欢迎您!
大连网信软件有限公司© 版权所有